000 00436nam a2200181Ia 4500
001 21474
005 20260306172922.0
008 260306t2006||||xx |||||||||||||| ||spa||
041 _aESP
082 _a345.05
_bC22
100 _aCalderón Sumarriva, Ana
_eAUT
245 0 _aEl ABC del derecho procesal penal
260 _c2006
300 _a171 páginas :
_c24 cm.
650 _aGEN
654 _aCDE
942 _cLIB
_dJUS
_fJUS
_2ddc
_n
999 _c21474
_d21474